Les costums maritimes de Barcelona universalment conegudes per Llibre del Consolat de Mar (Record no. 95508)
[ view plain ]
| 000 -LEADER | |
|---|---|
| campo de control de longitud fija | 00821nam a2200169 i 4500 |
| 001 - NÚMERO DE CONTROL | |
| campo de control | 95508 |
| 003 - IDENTIFICADOR DE NÚMERO DE CONTROL | |
| campo de control | ES-MaACL |
| 007 - CAMPO FIJO DE DESCRIPCIÓN FÍSICA--INFORMACIÓN GENERAL | |
| campo de control de longitud fija | t| |
| 008 - DATOS DE LONGITUD FIJA--INFORMACIÓN GENERAL | |
| campo de control de longitud fija | 050531s1914 sp ||||1| cat d |
| 130 0# - ENTRADA PRINCIPAL--TÍTULO UNIFORME | |
| Título uniforme | Llibre del Consolat de Mar. |
| 9 (RLIN) | 122756 |
| 245 10 - MENCIÓN DEL TÍTULO | |
| Título | Les costums maritimes de Barcelona universalment conegudes per Llibre del Consolat de Mar |
| Resto del título | : ara de nou publicades en sa forma original, ilustrades ab noticies bibliográafiques, historiques y llingüístiques, ab un apéndix de notes y documents inèdits relatius a la historia del Consolat y de la Lotja de Barcelona / |
| Mención de responsabilidad, etc. | per Ernest Moliné y Brasés. |
| 260 ## - PUBLICACIÓN, DISTRIBUCIÓN, ETC. | |
| Lugar de publicación, distribución, etc. | Barcelona : |
| Nombre del editor, distribuidor, etc. | Henrich y Cª, |
| Fecha de publicación, distribución, etc. | 1914. |
| 300 ## - DESCRIPCIÓN FÍSICA | |
| Extensión | XCVI, 380 p. ; |
| Dimensiones | 36 cm. |
| 650 14 - PUNTO DE ACCESO ADICIONAL DE MATERIA--TÉRMINO DE MATERIA | |
| Término de materia o nombre geográfico como elemento de entrada | Derecho marítimo- |
| Subdivisión geográfica | Cataluña- |
| Subdivisión cronológica | S.XIV. |
| 9 (RLIN) | 11731 |
| 700 1# - ENTRADA AGREGADA--NOMBRE PERSONAL | |
| Nombre de persona | Moliné y Brasés, Ernest. |
| 9 (RLIN) | 81982 |
| 852 ## - LOCALIZACIÓN | |
| Ubicación | ES-MaACL |
| Número de control de estantería | G-156 |
| Estatus retirado | Estado de pérdida | Estado de daño | No para préstamo | Biblioteca de origen | Biblioteca actual | Ubicación en estantería | Fecha de adquisición | Fuente de adquisición | Total de préstamos | Signatura topográfica completa | Código de barras | Visto por última vez | Precio de reemplazo | Tipo de ítem Koha |
|---|---|---|---|---|---|---|---|---|---|---|---|---|---|---|
| Biblioteca del Ateneo de Madrid | Biblioteca del Ateneo de Madrid | Depósito 2 | 17/01/2008 | G-156 | 1099728 | 23/02/2023 | 23/02/2023 | Libro impreso |
